Statistics for epiphany - Taylor Swift (All Lyrics)

Click here to take the quiz!

General Stats

  • This quiz has been taken 19 times
    (6 since last reset)
  • The average score is 154 of 183

Answer Stats

Lyrics% Correct
a
100%
And
100%
dream
100%
epiphany
100%
I
100%
just
100%
Just
100%
of
100%
(Out)
100%
out,
100%
(Out),
100%
out
100%
out"
100%
some
100%
to
100%
To
100%
what
100%
you
100%
your
100%
about
83%
bleeding
83%
But
83%
can't
83%
crashing
83%
"Doc,
83%
glimpse
83%
helmet,
83%
he's
83%
in,
83%
in
83%
in),
83%
Keep
83%
keep
83%
life,
83%
make
83%
minutes
83%
one
83%
Only
83%
relief
83%
seen
83%
sense
83%
she's
83%
single
83%
"Sir,
83%
sleep
83%
son
83%
speak
83%
the
83%
things
83%
think
83%
twenty
83%
you've
83%
beaches
67%
breathe
67%
breathing
67%
cover
67%
Crawling
67%
daughter,
67%
did
67%
down
67%
down,
67%
(Down)
67%
(Down),
67%
fall
67%
flesh
67%
hand
67%
here's
67%
Holds
67%
med
67%
mother
67%
not
67%
now
67%
plastic
67%
rifle
67%
school
67%
serve
67%
serve),
67%
serve,
67%
someone's
67%
Someone's
67%
Something
67%
through
67%
up
67%
watch
67%
(Watch
67%
Watch
67%
with
67%
WIth
67%
(With
67%
With
67%
wound,
67%

Score Distribution

Percentile by Number Answered

Percent of People with Each Score

Your Score History

You have not taken this quiz since the last reset